Tính toán động cơ điện không đồng bộ 3 pha và 1 pha công suất nhỏ

Wedi'i Gadw mewn:
Manylion Llyfryddiaeth
Prif Awdur: Trần Khánh Hà
Fformat: Llyfr
Iaith:Undetermined
Cyhoeddwyd: Hà Nội KHKT 1968
Tagiau: Ychwanegu Tag
Dim Tagiau, Byddwch y cyntaf i dagio'r cofnod hwn!
Thư viện lưu trữ: Trung tâm Học liệu Trường Đại học Cần Thơ
LEADER 00496nam a2200157Ia 4500
001 CTU_46192
008 210402s9999 xx 000 0 und d
082 |a 621.3104 
082 |b H100 
100 |a Trần Khánh Hà 
245 0 |a Tính toán động cơ điện không đồng bộ 3 pha và 1 pha công suất nhỏ 
245 0 |c Trần Khánh Hà 
260 |a Hà Nội 
260 |b KHKT 
260 |c 1968 
980 |a Trung tâm Học liệu Trường Đại học Cần Thơ